Statistics for Russian Monarchs by Picture

Click here to take the quiz!

General Stats

  • This quiz has been taken 30 times
  • The average score is 11 of 14

Answer Stats

Answer% Correct
Catherine I
96%
Peter I
96%
Nicholas II
91%
Catherine II
87%
Nicholas I
87%
Peter II
87%
Alexander I
83%
Alexander II
83%
Alexander III
83%
Peter III
78%
Anna
74%
Elizabeth
74%
Paul I
65%
Ivan VI
61%

Score Distribution

Percentile by Number Answered

Percent of People with Each Score

Your Score History

You have not taken this quiz